Loading...
| Science - Physics | 0 | 4 | 1 | 0 | 35 | 27 | 41.00 | 3 | 4 | 24.58 | 36.00 |
| History - Other | 0 | 3 | 0 | 1 | 30 | 81 | 93.33 | 0 | 2 | 5.00 | 18.00 |
| Geography | 0 | 3 | 0 | 0 | 30 | 59 | 80.67 | 2 | 3 | 13.01 | 46.67 |
| Science - Chemistry | 0 | 2 | 0 | 0 | 20 | 19 | 36.00 | 1 | 2 | 13.06 | 18.00 |
| Literature - American | 0 | 2 | 0 | 0 | 20 | 76 | 97.00 | 0 | 2 | 6.43 | 8.00 |
| Science - Other | 0 | 2 | 1 | 0 | 15 | 50 | 58.50 | 2 | 2 | 11.30 | 16.00 |
| Social Science | 0 | 1 | 0 | 0 | 10 | 90 | 90.00 | 0 | 1 | 2.18 | 5.00 |
| History - European | 0 | 1 | 0 | 1 | 10 | 107 | 107.00 | 0 | 0 | 0.00 | 1.05 |
| Popular Culture | 0 | 1 | 0 | 0 | 10 | 41 | 41.00 | 0 | 0 | 13.05 | 8.00 |
| Religion | 0 | 1 | 0 | 1 | 10 | 99 | 99.00 | 0 | 0 | 0.00 | 2.00 |
| Science - Biology | 0 | 1 | 0 | 0 | 10 | 69 | 69.00 | 0 | 1 | 3.89 | 8.00 |
| History - World | 0 | 1 | 0 | 1 | 10 | 91 | 91.00 | 0 | 0 | 1.50 | 4.00 |
| Philosophy | 0 | 0 | 1 | 0 | -5 | 0.00 | 0 | 0 | 0.00 | 0.00 | |
| Mythology | 0 | 0 | 1 | 0 | -5 | 0.00 | 0 | 0 | 0.00 | 0.00 | |
| Current Events | 0 | 0 | 1 | 0 | -5 | 0.00 | 0 | 0 | 0.00 | 0.00 |